[Event "Scarborough CC Falling Leaves"]
[Site "Toronto CAN"]
[Date "2009.11.12"]
[Round "2"]
[White "Poirier, Vincent"]
[Black "Verde, Pino"]
[Result "0-1"]
[WhiteElo "1780"]
[BlackElo "1830"]
[PlyCount "110"]
[GameId "2160767910030461"]
[EventDate "2009.11.05"]
[EventType "swiss"]
[EventRounds "7"]
[EventCountry "CAN"]
[SourceTitle "EXT 2011"]
[Source "ChessBase"]
[SourceDate "2011.11.26"]
[SourceVersion "1"]
[SourceVersionDate "2011.11.26"]
[SourceQuality "1"]

1. e4 d6 2. d4 Nf6 3. Nc3 Nbd7 4. Bc4 e5 5. Nf3 Be7 6. O-O O-O 7. Qe2 c6 8. Bg5 exd4 9. Nxd4 Ne5 10. Bb3 Nxe4 11. Nxe4 Bxg5 12. Nxg5 Qxg5 13. f4 Qg4 14. Qf2 Ng6 15. Rad1 d5 16. f5 Nh4 17. Rd3 c5 18. Rh3 Nxg2 19. Rg3 Qxd4 20. Qxd4 cxd4 21. Kxg2 Bd7 22. f6 g6 23. Bxd5 Bc6 24. Bxc6 bxc6 25. h4 h5 26. Rg5 Rad8 27. Ra5 Rd7 28. Ra6 Rc8 29. Re1 Rd6 30. Rxa7 Rxf6 31. Ree7 c5 32. Rac7 Rxc7 33. Rxc7 Ra6 34. Rxc5 Rxa2 35. Rb5 Ra6 36. Kf3 Rc6 37. Ke4 Rxc2 38. Kxd4 Rh2 39. Kc5 Rxh4 40. b4 Re4 41. Rb8+ Kg7 42. Rd8 Kf6 43. b5 Ke7 44. Rd1 Re2 45. b6 Rb2 46. Kc6 Rc2+ 47. Kb7 h4 48. Ka8 g5 49. b7 Ra2+ 50. Kb8 h3 51. Rc1 g4 52. Rc8 Rb2 53. Rg8 Rxb7+ 54. Kxb7 h2 55. Re8+ Kf6 0-1

[Event "Scarborough CC Falling Leaves"]
[Site "Toronto CAN"]
[Date "2009.11.12"]
[Round "2"]
[White "Rutherdale, William"]
[Black "Armstrong, Robert J"]
[Result "0-1"]
[WhiteElo "1772"]
[BlackElo "1829"]
[PlyCount "62"]
[GameId "2160767910030462"]
[EventDate "2009.11.05"]
[EventType "swiss"]
[EventRounds "7"]
[EventCountry "CAN"]
[SourceTitle "EXT 2011"]
[Source "ChessBase"]
[SourceDate "2011.11.26"]
[SourceVersion "1"]
[SourceVersionDate "2011.11.26"]
[SourceQuality "1"]

1. d4 g6 2. Nf3 Bg7 3. c4 Nf6 4. Nc3 O-O 5. e4 d6 6. Be2 Nc6 7. O-O e5 8. d5 Ne7 9. Bg5 Nd7 10. Nd2 f6 11. Be3 f5 12. f4 exf4 13. Bxf4 Ne5 14. Bg5 h6 15. Bh4 g5 16. Bf2 f4 17. Rc1 g4 18. Bh4 Qe8 19. Nb5 Qd7 20. Nd4 N7g6 21. Bf2 Qe7 22. N2b3 Nh4 23. Ne6 Bxe6 24. dxe6 f3 25. Bxh4 Qxh4 26. gxf3 Nxf3+ 27. Bxf3 Be5 28. Rc2 gxf3 29. Rxf3 Qxe4 30. Rg2+ Kh8 31. Qc1 Rxf3 0-1

[Event "Scarborough CC Falling Leaves"]
[Site "Toronto CAN"]
[Date "2009.11.12"]
[Round "2"]
[White "Southam, David"]
[Black "Moysoski, Randy"]
[Result "1-0"]
[WhiteElo "2163"]
[BlackElo "1958"]
[PlyCount "53"]
[GameId "2160767910030463"]
[EventDate "2009.11.05"]
[EventType "swiss"]
[EventRounds "7"]
[EventCountry "CAN"]
[SourceTitle "EXT 2011"]
[Source "ChessBase"]
[SourceDate "2011.11.26"]
[SourceVersion "1"]
[SourceVersionDate "2011.11.26"]
[SourceQuality "1"]

1. d4 c5 2. d5 d6 3. c4 Nf6 4. Nc3 g6 5. e4 Nbd7 6. f4 Bg7 7. Nf3 O-O 8. Bd3 a6 9. a4 e6 10. O-O Ng4 11. Qe1 exd5 12. cxd5 f6 13. Qg3 Nh6 14. f5 Qe8 15. fxg6 Qxg6 16. Qxd6 Nf7 17. Qf4 Nfe5 18. Be2 Nxf3+ 19. Rxf3 Ne5 20. Rg3 Qf7 21. Be3 Qe7 22. Qf2 Nd7 23. Bg4 b6 24. a5 f5 25. Bxf5 b5 26. Bh6 Rxf5 27. exf5 1-0

[Event "Scarborough CC Falling Leaves"]
[Site "Toronto CAN"]
[Date "2009.11.12"]
[Round "2"]
[White "Wu, Kevin"]
[Black "Mahoney, Ian"]
[Result "1-0"]
[WhiteElo "1930"]
[BlackElo "1494"]
[PlyCount "69"]
[GameId "2160767910030465"]
[EventDate "2009.11.05"]
[EventType "swiss"]
[EventRounds "7"]
[EventCountry "CAN"]
[SourceTitle "EXT 2011"]
[Source "ChessBase"]
[SourceDate "2011.11.26"]
[SourceVersion "1"]
[SourceVersionDate "2011.11.26"]
[SourceQuality "1"]

1. e4 c5 2. Nf3 d6 3. d4 cxd4 4. Nxd4 Nf6 5. Nc3 g6 6. Be3 Bg7 7. f3 O-O 8. Qd2 Nc6 9. O-O-O d5 10. Kb1 dxe4 11. Nxc6 Qxd2 12. Nxe7+ Kh8 13. Rxd2 exf3 14. gxf3 Be6 15. Ned5 Nxd5 16. Nxd5 Rad8 17. Nf4 Rxd2 18. Bxd2 Rd8 19. Bd3 Bf5 20. Re1 Bxd3 21. Nxd3 Bf6 22. Bf4 Kg7 23. Be5 Bxe5 24. Rxe5 Kf6 25. Re4 Rd5 26. Kc1 Rh5 27. Re2 Rh3 28. f4 Kf5 29. Kd2 h5 30. Rg2 f6 31. Ke2 g5 32. fxg5 fxg5 33. a3 Rh4 34. b3 Re4+ 35. Kf2 1-0

[Event "Scarborough CC Falling Leaves"]
[Site "Toronto CAN"]
[Date "2009.11.12"]
[Round "2"]
[White "Zhou, Kevin"]
[Black "Gillis, Doug"]
[Result "1/2-1/2"]
[WhiteElo "1870"]
[BlackElo "1694"]
[PlyCount "90"]
[GameId "2160767910030466"]
[EventDate "2009.11.05"]
[EventType "swiss"]
[EventRounds "7"]
[EventCountry "CAN"]
[SourceTitle "EXT 2011"]
[Source "ChessBase"]
[SourceDate "2011.11.26"]
[SourceVersion "1"]
[SourceVersionDate "2011.11.26"]
[SourceQuality "1"]

1. e4 e6 2. d4 d5 3. Nc3 dxe4 4. Nxe4 Qd5 5. Ng3 c5 6. Nf3 Nf6 7. c4 Qd8 8. Be2 Nc6 9. dxc5 Qxd1+ 10. Bxd1 Bxc5 11. Bf4 Bb4+ 12. Bd2 Bxd2+ 13. Nxd2 O-O 14. Nf3 b6 15. Be2 Rd8 16. O-O Nd4 17. Nxd4 Rxd4 18. Rfd1 Rxd1+ 19. Rxd1 Ba6 20. Kf1 Kf8 21. Ke1 Ke7 22. Nf1 Bb7 23. Ne3 Ne4 24. Bf3 Rb8 25. Rd4 Nc5 26. Bxb7 Rxb7 27. b4 Nd7 28. Kd1 Ne5 29. a3 Rd7 30. Rxd7+ Kxd7 31. Kc2 h5 32. f3 Kd6 33. Kc3 Nc6 34. f4 Ne7 35. Kd4 Nc6+ 36. Kc3 Ne7 37. g3 g6 38. Kd4 Nc6+ 39. Kc3 Ne7 40. Nc2 Nc6 41. Nd4 Nxd4 42. Kxd4 f6 43. h4 Kc6 44. a4 Kd6 45. Ke4 Kc6 1/2-1/2

[Event "Scarborough CC Falling Leaves"]
[Site "Toronto CAN"]
[Date "2009.11.19"]
[Round "3"]
[White "Al Ganabi, Haqi"]
[Black "Southam, David"]
[Result "1-0"]
[WhiteElo "1915"]
[BlackElo "2163"]
[PlyCount "127"]
[GameId "2160767910030467"]
[EventDate "2009.11.05"]
[EventType "swiss"]
[EventRounds "7"]
[EventCountry "CAN"]
[SourceTitle "EXT 2011"]
[Source "ChessBase"]
[SourceDate "2011.11.26"]
[SourceVersion "1"]
[SourceVersionDate "2011.11.26"]
[SourceQuality "1"]

1. e4 c5 2. Nf3 e6 3. d4 cxd4 4. Nxd4 Nc6 5. c4 Nf6 6. Nc3 Bb4 7. f3 d5 8. Nxc6 bxc6 9. cxd5 exd5 10. Qa4 Bxc3+ 11. bxc3 O-O 12. e5 Re8 13. f4 Ne4 14. g3 Qb6 15. Qd4 Qa5 16. Qb4 Qc7 17. Bg2 c5 18. Qb3 c4 19. Qc2 Bf5 20. g4 Bxg4 21. Bxe4 dxe4 22. Qxe4 g6 23. O-O Bf5 24. Qg2 Qc5+ 25. Qf2 Qc6 26. Be3 a5 27. Bd4 a4 28. a3 Rab8 29. Bc5 Bc8 30. h4 h5 31. Rad1 Bh3 32. Rd6 Qe4 33. Re1 Rb1 34. Rxb1 Qxb1+ 35. Kh2 Be6 36. Bb4 Qf5 37. Qg3 Qc2+ 38. Qg2 Qf5 39. Rd4 Rc8 40. Be7 Qg4 41. Qg3 Qxg3+ 42. Kxg3 Bf5 43. Rd6 Bc2 44. Rd7 Bb3 45. Kf3 Bc2 46. Ke3 Ra8 47. Rc7 Bd3 48. Kd4 Bf1 49. Kd5 Bh3 50. Kxc4 Be6+ 51. Kd4 Rb8 52. Ra7 Bb3 53. c4 Rc8 54. c5 Kh7 55. Bf6 Kg8 56. c6 Be6 57. Kc5 g5 58. fxg5 Kh7 59. Kd6 Kg6 60. Rxa4 Bh3 61. c7 Kf5 62. Rb4 Kg6 63. Rb8 Be6 64. a4 1-0

[Event "Scarborough CC Falling Leaves"]
[Site "Toronto CAN"]
[Date "2009.11.19"]
[Round "3"]
[White "Bao, Stephen"]
[Black "Mesiti, Silvano"]
[Result "1-0"]
[WhiteElo "1524"]
[BlackElo "1730"]
[PlyCount "81"]
[GameId "2160767910030468"]
[EventDate "2009.11.05"]
[EventType "swiss"]
[EventRounds "7"]
[EventCountry "CAN"]
[SourceTitle "EXT 2011"]
[Source "ChessBase"]
[SourceDate "2011.11.26"]
[SourceVersion "1"]
[SourceVersionDate "2011.11.26"]
[SourceQuality "1"]

1. e4 e5 2. Nf3 d6 3. d4 exd4 4. Nxd4 Nf6 5. Nc3 Be7 6. Bc4 O-O 7. h3 a6 8. a4 Bd7 9. O-O Nc6 10. Be3 Ne5 11. Be2 Qc8 12. f4 Nc6 13. f5 Ne5 14. g4 c5 15. Nb3 Bc6 16. Nd5 Bd8 17. Nxf6+ Bxf6 18. g5 Be7 19. Bf3 Qd7 20. a5 Rfe8 21. Bg2 Bf8 22. Rf4 Nc4 23. Bc1 Re5 24. Rh4 g6 25. Bf4 Ree8 26. Qd3 Ne5 27. Qg3 Qc7 28. Rf1 Rad8 29. Bxe5 Rxe5 30. Rff4 Rde8 31. Rhg4 Qd8 32. h4 Bg7 33. f6 Bf8 34. h5 d5 35. hxg6 hxg6 36. Rh4 Rxe4 37. Qh3 Re1+ 38. Kh2 Bg7 39. fxg7 Qxg5 40. Rh8+ Kxg7 41. Qh7# 1-0

[Event "Scarborough CC Falling Leaves"]
[Site "Toronto CAN"]
[Date "2009.11.19"]
[Round "3"]
[White "Gillis, Doug"]
[Black "Marcille, Gord"]
[Result "0-1"]
[WhiteElo "1694"]
[BlackElo "1842"]
[PlyCount "58"]
[GameId "2160767910030470"]
[EventDate "2009.11.05"]
[EventType "swiss"]
[EventRounds "7"]
[EventCountry "CAN"]
[SourceTitle "EXT 2011"]
[Source "ChessBase"]
[SourceDate "2011.11.26"]
[SourceVersion "1"]
[SourceVersionDate "2011.11.26"]
[SourceQuality "1"]

1. e4 e5 2. Nf3 Nc6 3. Nc3 d6 4. Bb5 a6 5. Bxc6+ bxc6 6. d4 exd4 7. Nxd4 Bd7 8. O-O Nf6 9. Re1 Be7 10. e5 dxe5 11. Rxe5 O-O 12. Ne4 Nxe4 13. Rxe4 f5 14. Re1 Bd6 15. Qd3 Qf6 16. Bd2 Rfe8 17. Qc4+ Kh8 18. Rxe8+ Rxe8 19. Re1 Rxe1+ 20. Bxe1 h6 21. Bc3 Qh4 22. g3 Qe4 23. Qe2 Qd5 24. Qh5 Be5 25. Qf3 Qxa2 26. Nxc6 Bxc3 27. Qxc3 Qb1+ 28. Kg2 Qd1 29. Qd4 Bxc6+ 0-1

[Event "Scarborough CC Falling Leaves"]
[Site "Toronto CAN"]
[Date "2009.11.19"]
[Round "3"]
[White "Mahoney, Ian"]
[Black "Manalo, Pepin"]
[Result "1/2-1/2"]
[WhiteElo "1494"]
[BlackElo "1829"]
[PlyCount "67"]
[GameId "2160767910096008"]
[EventDate "2009.11.05"]
[EventType "swiss"]
[EventRounds "7"]
[EventCountry "CAN"]
[SourceTitle "EXT 2011"]
[Source "ChessBase"]
[SourceDate "2011.11.26"]
[SourceVersion "1"]
[SourceVersionDate "2011.11.26"]
[SourceQuality "1"]

1. e4 e6 2. d4 d5 3. Nc3 dxe4 4. Nxe4 Nf6 5. Bd3 Nc6 6. Nf3 Be7 7. O-O Nb4 8. Re1 Nxd3 9. Qxd3 O-O 10. Bg5 b6 11. Ne5 Bb7 12. Nxf6+ Bxf6 13. Bxf6 Qxf6 14. Re3 Rad8 15. Rh3 Qf5 16. Qxf5 exf5 17. c3 f6 18. Nc4 f4 19. Rd3 Rfe8 20. Kf1 Rd5 21. Rdd1 Rg5 22. f3 Ba6 23. b3 b5 24. Nb2 Re3 25. Rd3 Re7 26. Rd2 Rf5 27. Re1 Kf7 28. Rde2 Rxe2 29. Rxe2 g5 30. Nd3 h5 31. h3 Bc8 32. Nc5 Rd5 33. b4 Bf5 34. a3 1/2-1/2

[Event "Scarborough CC Falling Leaves"]
[Site "Toronto CAN"]
[Date "2009.11.19"]
[Round "3"]
[White "Moysoski, Randy"]
[Black "Paterson, Jim"]
[Result "1-0"]
[WhiteElo "1958"]
[BlackElo "1826"]
[PlyCount "83"]
[GameId "2160767910096009"]
[EventDate "2009.11.05"]
[EventType "swiss"]
[EventRounds "7"]
[EventCountry "CAN"]
[SourceTitle "EXT 2011"]
[Source "ChessBase"]
[SourceDate "2011.11.26"]
[SourceVersion "1"]
[SourceVersionDate "2011.11.26"]
[SourceQuality "1"]

1. e4 c5 2. Nc3 Nc6 3. g3 d6 4. Bg2 g6 5. d3 Bg7 6. Nh3 Nf6 7. O-O O-O 8. Bg5 h6 9. Be3 Bg4 10. f3 Bd7 11. Qd2 Kh7 12. Nf2 Qc8 13. h3 Nd4 14. Rae1 e5 15. Ncd1 Ng8 16. c3 Ne6 17. f4 f5 18. Nh1 Ne7 19. Ndf2 Bc6 20. h4 b6 21. Nh3 Qb7 22. N1f2 Rad8 23. Kh2 Rf7 24. Qe2 Ng8 25. h5 exf4 26. hxg6+ Kxg6 27. gxf4 Rdf8 28. Rg1 Kh7 29. Qh5 Ne7 30. Bf3 fxe4 31. Nxe4 Rf5 32. Qg4 Qd7 33. Qh4 Ng6 34. Rxg6 Kxg6 35. Rg1+ Kf7 36. Bh5+ Kg8 37. Bg6 Bxe4 38. dxe4 R5f6 39. f5 Nd8 40. Nf4 Qa4 41. Nd5 Qxe4 42. Qxe4 1-0

[Event "Scarborough CC Falling Leaves"]
[Site "Toronto CAN"]
[Date "2009.11.19"]
[Round "3"]
[White "Peng, Bill"]
[Black "Pedersen, Rune"]
[Result "1/2-1/2"]
[WhiteElo "2142"]
[BlackElo "2383"]
[PlyCount "72"]
[GameId "2160767910096010"]
[EventDate "2009.11.05"]
[EventType "swiss"]
[EventRounds "7"]
[EventCountry "CAN"]
[SourceTitle "EXT 2011"]
[Source "ChessBase"]
[SourceDate "2011.11.26"]
[SourceVersion "1"]
[SourceVersionDate "2011.11.26"]
[SourceQuality "1"]

1. e4 c5 2. Nc3 Nc6 3. d3 g6 4. g3 Bg7 5. Bg2 d6 6. Be3 Rb8 7. Qd2 b5 8. Nge2 b4 9. Nd1 Bd7 10. c3 bxc3 11. bxc3 Qa5 12. f4 e6 13. O-O Nge7 14. Nb2 O-O 15. Nc4 Qc7 16. e5 d5 17. Bxc5 dxc4 18. Bd6 Qb6+ 19. d4 Qb2 20. Qd1 Rb7 21. Be4 Rfb8 22. Rb1 Qxb1 23. Bxb1 Rxb1 24. Qxb1 Rxb1 25. Rxb1 Nd5 26. Rb7 Bc8 27. Rb5 Bf8 28. Rc5 Nce7 29. Kf2 Nb6 30. Rc7 Ned5 31. Rxa7 Bd7 32. Bc5 Be8 33. Bxf8 Kxf8 34. Ke1 Bc6 35. Kd2 Na4 36. Ra6 Bb5 1/2-1/2

[Event "Scarborough CC Falling Leaves"]
[Site "Toronto CAN"]
[Date "2009.11.19"]
[Round "3"]
[White "Radpey, Abdolreza"]
[Black "Ugodnikov, Arkadiy"]
[Result "0-1"]
[WhiteElo "1508"]
[BlackElo "1818"]
[PlyCount "70"]
[GameId "2160767910096011"]
[EventDate "2009.11.05"]
[EventType "swiss"]
[EventRounds "7"]
[EventCountry "CAN"]
[SourceTitle "EXT 2011"]
[Source "ChessBase"]
[SourceDate "2011.11.26"]
[SourceVersion "1"]
[SourceVersionDate "2011.11.26"]
[SourceQuality "1"]

1. Nf3 Nf6 2. d4 g6 3. c4 c5 4. d5 b5 5. e3 bxc4 6. Bxc4 Bg7 7. Nc3 O-O 8. O-O d6 9. h3 Nbd7 10. e4 Nb6 11. Bb3 Ba6 12. Re1 Nfd7 13. Bf4 c4 14. Bc2 Nc5 15. Rb1 Qd7 16. Be3 Rac8 17. Qd2 e5 18. Bh6 Qe7 19. Bxg7 Kxg7 20. Ng5 h6 21. Nf3 Nd3 22. Bxd3 cxd3 23. Re3 Nc4 24. Qxd3 Nxe3 25. Qxa6 Nc4 26. Nb5 Qd7 27. a4 f5 28. exf5 Qxf5 29. Rc1 Qf4 30. Rc3 e4 31. Nfd4 Qxf2+ 32. Kh2 Ne3 33. Rxe3 Qxe3 34. Ne6+ Kh8 35. Nxf8 Qf4+ 0-1

[Event "Scarborough CC Falling Leaves"]
[Site "Toronto CAN"]
[Date "2009.11.19"]
[Round "3"]
[White "Rapoport, Alex"]
[Black "Conte, Michael"]
[Result "0-1"]
[WhiteElo "1870"]
[BlackElo "1802"]
[PlyCount "62"]
[GameId "2160767910096012"]
[EventDate "2009.11.05"]
[EventType "swiss"]
[EventRounds "7"]
[EventCountry "CAN"]
[SourceTitle "EXT 2011"]
[Source "ChessBase"]
[SourceDate "2011.11.26"]
[SourceVersion "1"]
[SourceVersionDate "2011.11.26"]
[SourceQuality "1"]

1. d4 Nf6 2. e3 e6 3. f4 b6 4. Nf3 Bb7 5. Bd3 c5 6. O-O Nc6 7. c3 d5 8. Ne5 g6 9. Nd2 a6 10. Ndf3 h6 11. Qc2 Nxe5 12. fxe5 Ne4 13. Nd2 Qh4 14. a4 c4 15. Be2 Rc8 16. Bf3 Ng5 17. Be2 Ne4 18. Nf3 Qd8 19. g3 g5 20. Nd2 h5 21. Nxe4 dxe4 22. Bd2 Bd5 23. Qd1 g4 24. h3 gxh3 25. Bxh5 Qg5 26. Bxf7+ Ke7 27. Qe1 h2+ 28. Kh1 Bg7 29. Rf4 Rh3 30. g4 Qxf4 31. exf4 e3# 0-1

[Event "Scarborough CC Falling Leaves"]
[Site "Toronto CAN"]
[Date "2009.11.19"]
[Round "3"]
[White "Smith, Maurice"]
[Black "Verde, Pino"]
[Result "0-1"]
[WhiteElo "1654"]
[BlackElo "1830"]
[PlyCount "100"]
[GameId "2160767910096013"]
[EventDate "2009.11.05"]
[EventType "swiss"]
[EventRounds "7"]
[EventCountry "CAN"]
[SourceTitle "EXT 2011"]
[Source "ChessBase"]
[SourceDate "2011.11.26"]
[SourceVersion "1"]
[SourceVersionDate "2011.11.26"]
[SourceQuality "1"]

1. e4 Nc6 2. d4 Nf6 3. Nc3 d6 4. Nf3 Bg4 5. Be2 e6 6. O-O g6 7. h3 h5 8. Bg5 Bxf3 9. Bxf3 Be7 10. Re1 e5 11. dxe5 Nxe5 12. Be2 c6 13. Qd2 b5 14. Bxf6 Bxf6 15. Rad1 Qb6 16. Qxd6 Bg7 17. Kf1 Qb8 18. Qxb8+ Rxb8 19. f4 Nc4 20. Bxc4 bxc4 21. Rb1 Ke7 22. e5 Rhd8 23. Ne4 Rd4 24. Kf2 Rbd8 25. Nd6 Rxf4+ 26. Kg3 g5 27. Rbd1 h4+ 28. Kh2 Ke6 29. Nb7 Rxd1 30. Rxd1 Bxe5 31. Kh1 Rf2 32. Nd8+ Kf6 33. Nxc6 Rxc2 34. Rf1+ Bf4 35. Na5 Rxb2 36. Nxc4 Rxa2 37. Rd1 a5 38. Nb6 Rd2 39. Ra1 Be5 40. Rf1+ Ke6 41. Re1 Rc2 42. Kg1 f6 43. Kf1 Kf5 44. Nd5 Kg6 45. Ne3 Rd2 46. Nc4 Rd5 47. Ne3 Rc5 48. Ng4 a4 49. Nf2 Bg3 50. Ra1 Rf5 0-1

[Event "Scarborough CC Falling Leaves"]
[Site "Toronto CAN"]
[Date "2009.11.19"]
[Round "3"]
[White "Stewart, Frankie"]
[Black "Rutherdale, William"]
[Result "1-0"]
[WhiteElo "1780"]
[BlackElo "1772"]
[PlyCount "77"]
[GameId "2160767910096014"]
[EventDate "2009.11.05"]
[EventType "swiss"]
[EventRounds "7"]
[EventCountry "CAN"]
[SourceTitle "EXT 2011"]
[Source "ChessBase"]
[SourceDate "2011.11.26"]
[SourceVersion "1"]
[SourceVersionDate "2011.11.26"]
[SourceQuality "1"]

1. e4 e5 2. Nf3 Nc6 3. Bc4 Bc5 4. O-O Nf6 5. c3 O-O 6. d4 exd4 7. e5 d5 8. exf6 dxc4 9. fxg7 Kxg7 10. Qd2 Qf6 11. Na3 Bxa3 12. bxa3 d3 13. Rb1 a6 14. a4 b6 15. Re1 Bg4 16. Ng5 Be2 17. Qe3 Rae8 18. Qg3 Qg6 19. Qxc7 h6 20. Nh3 Bf3 21. Bxh6+ Kh8 22. Bg5 Rxe1+ 23. Rxe1 d2 24. Rf1 d1=Q 25. Rxd1 Bxd1 26. Qf4 Bxa4 27. Bf6+ Kg8 28. g3 Re8 29. Ng5 Re1+ 30. Kg2 Bc2 31. g4 Bd3 32. h4 Be4+ 33. Kg3 Qh6 34. Bh8 Qxg5 35. Qxg5+ Kxh8 36. Qf6+ Kg8 37. h5 Re2 38. h6 Rxa2 39. Qg7# 1-0

[Event "Scarborough CC Falling Leaves"]
[Site "Toronto CAN"]
[Date "2009.11.19"]
[Round "3"]
[White "Takov, Chris"]
[Black "Zhou, Kevin"]
[Result "0-1"]
[WhiteElo "1792"]
[BlackElo "1870"]
[PlyCount "120"]
[GameId "2160767910096015"]
[EventDate "2009.11.05"]
[EventType "swiss"]
[EventRounds "7"]
[EventCountry "CAN"]
[SourceTitle "EXT 2011"]
[Source "ChessBase"]
[SourceDate "2011.11.26"]
[SourceVersion "1"]
[SourceVersionDate "2011.11.26"]
[SourceQuality "1"]

1. c4 Nf6 2. Nc3 g6 3. g3 Bg7 4. Bg2 c5 5. Nf3 Nc6 6. a3 O-O 7. O-O d5 8. cxd5 Nxd5 9. Rb1 Bf5 10. Ra1 Be6 11. Qc2 Nxc3 12. bxc3 Qc7 13. Rb1 Rab8 14. d3 Bc8 15. e4 e5 16. Be3 b6 17. Rfd1 Na5 18. Qb2 Rd8 19. c4 Bb7 20. Bg5 f6 21. Be3 Rd6 22. Nh4 Rbd8 23. Qc2 Qd7 24. Bf3 Rxd3 25. Kg2 Bxe4 26. Bxe4 Rxd1 27. Bd5+ Rxd5 28. cxd5 Qxd5+ 29. Kf1 Qc4+ 30. Qe2 Qxe2+ 31. Kxe2 Nc4 32. Bc1 Kf7 33. f3 Ke6 34. Rb3 Nd6 35. g4 Nf7 36. Ng2 Bh6 37. f4 exf4 38. Bxf4 Bxf4 39. Nxf4+ Kd6 40. Rh3 Ng5 41. Rd3+ Ke7 42. Re3+ Kd7 43. h4 Nf7 44. Nd5 Kc6 45. Nxf6 Kd6 46. Rd3+ Ke6 47. Rxd8 Nxd8 48. Nxh7 Nf7 49. Nf8+ Kf6 50. Ke3 Ne5 51. Kf4 Nd3+ 52. Ke4 c4 53. g5+ Kf7 54. Nd7 b5 55. Nf6 a5 56. Kd4 Ke6 57. Nd5 Kd6 58. Nc3 Kc6 59. h5 Nf4 60. hxg6 Nxg6 0-1

[Event "Scarborough CC Falling Leaves"]
[Site "Toronto CAN"]
[Date "2009.11.19"]
[Round "3"]
[White "Yuan, Yuanling"]
[Black "Ferreira, Alex"]
[Result "1-0"]
[WhiteElo "2304"]
[BlackElo "2003"]
[PlyCount "95"]
[GameId "2160767910096016"]
[EventDate "2009.11.05"]
[EventType "swiss"]
[EventRounds "7"]
[EventCountry "CAN"]
[SourceTitle "EXT 2011"]
[Source "ChessBase"]
[SourceDate "2011.11.26"]
[SourceVersion "1"]
[SourceVersionDate "2011.11.26"]
[SourceQuality "1"]

1. e4 e5 2. Nf3 Nc6 3. Bb5 Nf6 4. O-O Nxe4 5. d4 Nd6 6. Bxc6 dxc6 7. dxe5 Nf5 8. Qxd8+ Kxd8 9. Nc3 Ke8 10. Bf4 Be7 11. Rad1 Nh4 12. Nd4 a6 13. e6 c5 14. Nd5 fxe6 15. Nxc7+ Kf7 16. Nxa8 cxd4 17. Rxd4 b5 18. Bg3 Nf5 19. Rd2 Nxg3 20. fxg3+ Kg6 21. Kh1 Bb4 22. c3 Be7 23. Nb6 Bg5 24. Rd6 Bb7 25. Rxe6+ Bf6 26. Nd7 Bc8 27. Rd6 Bxd7 28. Rxd7 Re8 29. Rd2 h5 30. Kg1 a5 31. Rd5 b4 32. Rxa5 bxc3 33. bxc3 Bxc3 34. Ra6+ Kh7 35. Ra3 Rc8 36. h4 Bb2 37. Rb3 Bd4+ 38. Kh2 Ra8 39. a3 Ra5 40. Rf4 Be5 41. Rc4 Kh6 42. a4 Ra7 43. Rb5 Bf6 44. a5 Ra6 45. Rcc5 Re6 46. Rxh5+ Kg6 47. Rhd5 Re3 48. a6 1-0

[Event "Scarborough CC Falling Leaves"]
[Site "Toronto CAN"]
[Date "2009.11.26"]
[Round "4"]
[White "Armstrong, Robert J"]
[Black "Picana, Andrew"]
[Result "0-1"]
[WhiteElo "1829"]
[BlackElo "2086"]
[PlyCount "72"]
[GameId "2160767910096017"]
[EventDate "2009.11.05"]
[EventType "swiss"]
[EventRounds "7"]
[EventCountry "CAN"]
[SourceTitle "EXT 2011"]
[Source "ChessBase"]
[SourceDate "2011.11.26"]
[SourceVersion "1"]
[SourceVersionDate "2011.11.26"]
[SourceQuality "1"]

1. d4 Nf6 2. c4 e6 3. Nf3 c5 4. d5 d6 5. Nc3 Be7 6. e4 exd5 7. cxd5 O-O 8. h3 a6 9. a4 Nbd7 10. a5 Re8 11. Bc4 Bf8 12. Qc2 Nxe4 13. Nxe4 f5 14. O-O fxe4 15. Ng5 Nf6 16. Ne6 Bxe6 17. dxe6 d5 18. Rd1 Rxe6 19. Bg5 Rd6 20. Rxd5 Kh8 21. Rad1 Rxd5 22. Bxd5 Qe7 23. Bxe4 Qxe4 24. Qc3 Qf5 25. Bh4 Re8 26. Qb3 Qe4 27. Bxf6 gxf6 28. Qf7 Qe7 29. Qb3 Bg7 30. Qa4 f5 31. Qc2 Bd4 32. b4 Qe2 33. Rd2 Bxf2+ 34. Kh2 Qe5+ 35. Kh1 Qe1+ 36. Kh2 Bg3# 0-1

[Event "Scarborough CC Falling Leaves"]
[Site "Toronto CAN"]
[Date "2009.11.26"]
[Round "4"]
[White "Conte, Michael"]
[Black "Maister, Martin"]
[Result "0-1"]
[WhiteElo "1802"]
[BlackElo "1880"]
[PlyCount "167"]
[GameId "2160767910096018"]
[EventDate "2009.11.05"]
[EventType "swiss"]
[EventRounds "7"]
[EventCountry "CAN"]
[SourceTitle "EXT 2011"]
[Source "ChessBase"]
[SourceDate "2011.11.26"]
[SourceVersion "1"]
[SourceVersionDate "2011.11.26"]
[SourceQuality "1"]

1. d4 Nf6 2. Nf3 d5 3. Bf4 c5 4. e3 cxd4 5. exd4 Bg4 6. Nbd2 e6 7. c3 Be7 8. Qb3 Qc8 9. Bxb8 Rxb8 10. Bb5+ Kf8 11. Ne5 a6 12. Bd3 b5 13. O-O Bh5 14. f4 Nd7 15. f5 Nxe5 16. dxe5 Qc5+ 17. Kh1 Qe3 18. Qc2 exf5 19. Rae1 Qb6 20. Bxf5 Bg6 21. Nb3 Bxf5 22. Qxf5 Qg6 23. Qf3 h6 24. Nd4 Bc5 25. Qxd5 Bxd4 26. Qxd4 Kg8 27. Qd7 Rb6 28. Qe8+ Kh7 29. Qxf7 Qxf7 30. Rxf7 Re6 31. Rf3 Rd8 32. Rfe3 Rd2 33. R3e2 Rd5 34. Kg1 g5 35. g4 Kg6 36. Kf2 Rd7 37. Re3 h5 38. h3 h4 39. Re4 Rd5 40. Rd4 Rexe5 41. Rxe5 Rxe5 42. Rd6+ Kf7 43. Rxa6 Rd5 44. Ke3 Re5+ 45. Kf3 Rd5 46. Ke4 Rd2 47. Kf5 Rd5+ 48. Ke4 Rd2 49. b3 Rh2 50. Kf5 Rxh3 51. Ra7+ Ke8 52. Kxg5 Rh1 53. a4 bxa4 54. bxa4 h3 55. Rh7 h2 56. c4 Kd8 57. c5 Rc1 58. Rxh2 Rxc5+ 59. Kh4 Ra5 60. Ra2 Ke7 61. g5 Kf7 62. Kh5 Kg7 63. Kg4 Kg6 64. Ra3 Kg7 65. Kh5 Kh7 66. Rc3 Rxa4 67. Rc7+ Kg8 68. Kh6 Ra1 69. Rc6 Rh1+ 70. Kg6 Kf8 71. Rc8+ Ke7 72. Kg7 Ke6 73. g6 Rg1 74. Re8+ Kf5 75. Rf8+ Ke6 76. Rf6+ Ke7 77. Rf5 Ke6 78. Rf6+ Ke7 79. Rf7+ Ke6 80. Kh7 Rh1+ 81. Kg8 Rg1 82. Kf8 Rh1 83. Ra7 Rg1 84. Ra6+ 0-1